|
|
|
|
| LEADER |
00000nam a22000007a 4500 |
| 005 |
2020121505465.0 |
| 007 |
cr|||| |||| |
| 008 |
201215s2012 co |||||s|||| 00||0 spa d |
| 020 |
|
|
|a 978-958-716-537-1
|
| 035 |
|
|
|a 32376
|
| 040 |
|
|
|a vLex
|
| 090 |
|
|
|c 10956
|d 10956
|
| 100 |
1 |
|
|a Acevedo Arango, Óscar Fernando
|
| 245 |
1 |
0 |
|a Geografa̕s de la memoria
|h [Recurso electrn̤ico] :
|b posiciones de las vc̕timas en Colombia en el periodo de justicia transicional (2005-2010) /
|c Óscar Fernando Acevedo Arango
|
| 256 |
|
|
|a Servicio en ln̕ea
|
| 260 |
|
|
|a Bogot:̀
|b Pontificia Universidad Javeriana,
|c 2012
|
| 300 |
|
|
|a 1 recurso electrn̤ico
|
| 500 |
|
|
|a Este libro busca cuestionar la idea de que existe un n︢ico campo de la memoria, un campo dicotm̤ico, reducido al forcejeo entre memorias -oficiales y no oficiales-, entre organizaciones agonistas que le disputan la versin̤ histr̤ica y los olvidos a la memoria gubernativa.
|
| 506 |
1 |
|
|a Disponible solo en los productos indicados
|d vLex Global
|d vLex Global (Academic Edition, excluding Law Schools)
|d vLex Global (U.S. Academic Edition, Law Schools)
|d vLex Global (U.S. Academic Edition, excluding Law Schools)
|d vLex Global (Academic Edition, Law Schools)
|
| 650 |
0 |
4 |
|a Ciencias sociales
|z Colombia
|
| 650 |
0 |
4 |
|a Ciencia polt̕ica
|z Colombia
|
| 650 |
0 |
4 |
|a Sociologa̕
|z Colombia
|
| 650 |
0 |
4 |
|a Humanidades
|z Colombia
|
| 740 |
0 |
|
|a vLex Libros (Servicio en ln̕ea)
|
| 856 |
4 |
0 |
|u http://vlex.com/source/geografias-de-la-memoria-posiciones-de-las-victimas-en-colombia-en-el-periodo-de-justicia-transicional-2005-2010--32376
|z Acceso restringido
|
| 942 |
|
|
|c BOOK
|
| 999 |
0 |
|
|a Social Sciences
|
| 999 |
0 |
|
|a Political science
|
| 999 |
0 |
|
|a ociology
|
| 999 |
0 |
|
|a Humanities
|